[Event "AUT2o-chT"]
[Site "Ybbs"]
[Date "2001.01.21"]
[Round "7.5"]
[White "Hardt, Christian"]
[Black "Wais, Michael"]
[Result "1-0"]
[WhiteElo "2205"]
[BlackElo "2042"]
[Annotator "BADEN-AUSTRIA"]
[PlyCount "81"]
[EventDate "2001.01.21"]

1. d3 d5 2. g3 c6 3. Bg2 Nf6 4. f4 Qb6 5. Nf3 Ng4 6. d4 Bf5 7. Nc3 e6 8. O-O
Bb4 9. Na4 Qd8 10. c3 Be7 11. b4 Nd7 12. h3 Ngf6 13. g4 Bg6 14. Nc5 b5 15. Ne5
Bxc5 16. Nxg6 Bxd4+ 17. Qxd4 hxg6 18. e4 Qb6 19. e5 Ne4 20. Be3 Qxd4 21. Bxd4
Nd2 22. Rf2 Nc4 23. a4 Ndb6 24. axb5 cxb5 25. Ra6 O-O 26. f5 gxf5 27. gxf5 Rfe8
28. fxe6 fxe6 29. Bf1 Re7 30. Bd3 Na4 31. Kg2 Rc8 32. Bxa7 Ra8 33. Bc5 Rxa6 34.
Bxe7 Ne3+ 35. Kh2 Ra8 36. Bxb5 Nxc3 37. Bd7 Ra2 38. Bxe6+ Kh8 39. Rxa2 Nxa2 40.
b5 Nc3 41. b6 1-0

[Event "AUT2o-chT"]
[Site "Ybbs"]
[Date "2001.01.21"]
[Round "7.1"]
[White "Vlcek, Stanislav"]
[Black "Kummer, Helmut"]
[Result "1/2-1/2"]
[WhiteElo "2326"]
[BlackElo "2390"]
[Annotator "NICKELSDORF-DONAUSTADT"]
[PlyCount "84"]
[EventDate "2001.01.21"]

1. e4 e5 2. Nf3 Nc6 3. Bb5 a6 4. Ba4 Nf6 5. O-O Be7 6. Re1 b5 7. Bb3 O-O 8. c3
d5 9. exd5 Nxd5 10. Nxe5 Nxe5 11. Rxe5 c6 12. d4 Bd6 13. Re2 Qh4 14. g3 Qh3 15.
Nd2 Bg4 16. f3 Bh5 17. Qf1 Qd7 18. Ne4 Be7 19. a4 Rae8 20. Bd2 h6 21. Rae1 f5
22. Nc5 Bxc5 23. dxc5 Bf7 24. axb5 axb5 25. Rxe8 Rxe8 26. Qd3 Rxe1+ 27. Bxe1
Nf6 28. Bc2 Qxd3 29. Bxd3 g6 30. Bd2 h5 31. Be3 Bb3 32. Bd4 Nd5 33. Kf2 Kf7 34.
h4 Ne7 35. Ke3 Nd5+ 36. Kf2 Ne7 37. Be5 Nd5 38. Bd6 Kf6 39. Be2 Kf7 40. Bd3 Kf6
41. Be2 Kf7 42. Bd3 Kf6 1/2-1/2

[Event "AUT2o-chT"]
[Site "Ybbs"]
[Date "2001.01.21"]
[Round "7.2"]
[White "Sandhu, Mario"]
[Black "Schneider-Zinner, Harald"]
[Result "1-0"]
[WhiteElo "2285"]
[BlackElo "2285"]
[Annotator "NICKELSDORF-DONAUSTADT"]
[PlyCount "71"]
[EventDate "2001.01.21"]

1. e4 e6 2. d4 d5 3. Nd2 Nf6 4. e5 Nfd7 5. Bd3 c5 6. c3 Nc6 7. Ngf3 Qb6 8. O-O
g6 9. a3 Bg7 10. b4 cxd4 11. cxd4 a5 12. Nb3 axb4 13. a4 O-O 14. h4 f6 15. exf6
Nxf6 16. Bb2 Nh5 17. Ne5 Bxe5 18. dxe5 Ng3 19. a5 Rxa5 20. Rxa5 Nxf1 21. Rc5
Na5 22. Bd4 Nxb3 23. Qxb3 Nd2 24. Qb2 Nf3+ 25. gxf3 Qd8 26. Qc1 Qxh4 27. Be3
Bd7 28. Rc7 Bc6 29. Bg5 Qd4 30. Bf6 Rxf6 31. exf6 Qh4 32. f7+ Kg7 33. Qe3 Qf6
34. f4 Qd8 35. Qe5+ Kh6 36. f8=Q+ 1-0

[Event "AUT2o-chT"]
[Site "Ybbs"]
[Date "2001.01.21"]
[Round "7.4"]
[White "Holzer, Gerhard"]
[Black "Bachofner, Andreas"]
[Result "1/2-1/2"]
[WhiteElo "2287"]
[BlackElo "2179"]
[Annotator "NICKELSDORF-DONAUSTADT"]
[PlyCount "27"]
[EventDate "2001.01.21"]

1. e4 e6 2. Nc3 d5 3. Nf3 Nf6 4. e5 Nfd7 5. d4 a6 6. Bg5 Be7 7. Bxe7 Qxe7 8.
Qd2 c5 9. Ne2 Nc6 10. c3 O-O 11. Ng3 cxd4 12. cxd4 Qb4 13. Rc1 Qxd2+ 14. Kxd2
1/2-1/2

[Event "AUT2o-chT"]
[Site "Ybbs"]
[Date "2001.01.21"]
[Round "7.5"]
[White "Bachofner, Christian"]
[Black "Schwab, Rene"]
[Result "1/2-1/2"]
[WhiteElo "2085"]
[BlackElo "2277"]
[Annotator "NICKELSDORF-DONAUSTADT"]
[PlyCount "79"]
[EventDate "2001.01.21"]

1. e4 c6 2. d4 d5 3. Nc3 dxe4 4. Nxe4 Nf6 5. Nxf6+ gxf6 6. Nf3 Bg4 7. Be2 Qc7
8. h3 Bxf3 9. Bxf3 e6 10. Be3 Bd6 11. Qd2 Nd7 12. O-O-O O-O-O 13. Kb1 Nb6 14.
Qa5 Kb8 15. Rhe1 Rhg8 16. Rd3 Nd5 17. Qxc7+ Kxc7 18. c4 Nxe3 19. fxe3 Rg7 20.
Kc2 Rdg8 21. c5 Bg3 22. Re2 f5 23. b4 a6 24. a4 Rd8 25. Rb3 f4 26. Rd3 fxe3 27.
Rexe3 Bf2 28. Re4 Rg5 29. Rd2 Bg3 30. Rd1 h5 31. Rd3 h4 32. Rg4 Rxg4 33. Bxg4
Be1 34. Kb3 f5 35. Be2 Bf2 36. Kc4 b5+ 37. cxb6+ Kxb6 38. a5+ Kc7 39. Rd1 Bg3
40. Bf3 1/2-1/2

[Event "AUT2o-chT"]
[Site "Ybbs"]
[Date "2001.01.21"]
[Round "7.6"]
[White "Schuh, Franz"]
[Black "Steinert, Martin"]
[Result "1-0"]
[WhiteElo "2256"]
[BlackElo "2132"]
[Annotator "NICKELSDORF-DONAUSTADT"]
[PlyCount "99"]
[EventDate "2001.01.21"]

1. e4 d6 2. d4 g6 3. f4 Bg7 4. Nf3 c6 5. c4 Bg4 6. Be2 Qb6 7. e5 Nd7 8. Nc3 Nh6
9. Na4 Qc7 10. O-O Nf5 11. h3 Bxf3 12. Bxf3 c5 13. exd6 exd6 14. Re1+ Kf8 15.
d5 Bd4+ 16. Kh2 Bf2 17. Rf1 Bg3+ 18. Kg1 Re8 19. Nc3 Nf6 20. Qd3 Qe7 21. Bd2 h5
22. Ne2 Ne4 23. Bxe4 Qxe4 24. Qxe4 Rxe4 25. Nxg3 Nxg3 26. Rf3 Ne2+ 27. Kf2 Nd4
28. Rd3 Kg7 29. Re1 Rxe1 30. Bxe1 f6 31. Bc3 Nf5 32. g4 hxg4 33. hxg4 Nd4 34.
Bxd4 cxd4 35. Kg3 Re8 36. Kf3 Rh8 37. b3 b6 38. Rxd4 Rh2 39. Re4 Rxa2 40. Re7+
Kf8 41. Re6 Kf7 42. Rxd6 Ra3 43. Ke4 Ke7 44. Re6+ Kf7 45. Rc6 Rxb3 46. Rc7+ Kf8
47. Rxa7 Rb4 48. d6 Rxc4+ 49. Kd5 b5 50. Ra8+ 1-0

[Event "AUT2o-chT"]
[Site "Ybbs"]
[Date "2001.01.21"]
[Round "7.1"]
[White "Vavrak, Peter"]
[Black "Alvir, Aco"]
[Result "1/2-1/2"]
[WhiteElo "2361"]
[BlackElo "2399"]
[Annotator "LACKENBACH-GRIMMENSTEIN"]
[PlyCount "30"]
[EventDate "2001.01.21"]

1. d4 Nf6 2. c4 g6 3. g3 Bg7 4. Bg2 O-O 5. Nf3 d6 6. O-O c6 7. Nc3 Qa5 8. e4
Bg4 9. h3 Bxf3 10. Bxf3 Nfd7 11. Be3 c5 12. dxc5 Nxc5 13. Bd4 Bxd4 14. Qxd4 Nc6
15. Qe3 Na4 1/2-1/2

[Event "AUT2o-chT"]
[Site "Ybbs"]
[Date "2001.01.21"]
[Round "7.2"]
[White "Dueckstein, Andreas"]
[Black "Schweda, Roland"]
[Result "1/2-1/2"]
[WhiteElo "2313"]
[BlackElo "2362"]
[Annotator "LACKENBACH-GRIMMENSTEIN"]
[PlyCount "68"]
[EventDate "2001.01.21"]

1. e4 c5 2. Nf3 d6 3. d4 cxd4 4. Qxd4 a6 5. Be3 Nc6 6. Qb6 Qxb6 7. Bxb6 Nf6 8.
Nc3 g6 9. O-O-O Bg4 10. Nd5 Nxd5 11. exd5 Ne5 12. Be2 Bh6+ 13. Kb1 Bxf3 14.
Bxf3 Nxf3 15. gxf3 Rc8 16. Rhe1 Kd7 17. Re4 e5 18. dxe6+ fxe6 19. Bd4 Rhf8 20.
Rh4 Bg5 21. Rxh7+ Be7 22. Rg1 e5 23. Be3 Rh8 24. Rxh8 Rxh8 25. Rxg6 Rxh2 26. c4
b5 27. b3 bxc4 28. bxc4 Rh3 29. Rg3 Rh4 30. Rg4 Ke6 31. Rxh4 Bxh4 32. Kc2 d5
33. cxd5+ Kxd5 34. Kd3 Bf6 1/2-1/2

[Event "AUT2o-chT"]
[Site "Ybbs"]
[Date "2001.01.21"]
[Round "7.3"]
[White "Stranz, Richard"]
[Black "Stuhlik, Marko"]
[Result "1-0"]
[WhiteElo "2254"]
[BlackElo "2237"]
[Annotator "LACKENBACH-GRIMMENSTEIN"]
[PlyCount "81"]
[EventDate "2001.01.21"]

1. e4 d6 2. d4 Nf6 3. Nc3 c6 4. Bg5 Nbd7 5. f4 Qa5 6. Qd2 b5 7. Bd3 h6 8. Bxf6
gxf6 9. d5 b4 10. dxc6 bxc3 11. cxd7+ Bxd7 12. Qxc3 Qxc3+ 13. bxc3 Rg8 14. Kf2
f5 15. exf5 Bc6 16. Nf3 Bg7 17. Rab1 Bxc3 18. Bb5 Kd7 19. Bxc6+ Kxc6 20. Rb3
Ba5 21. Nd4+ Kc7 22. Kf3 Bb6 23. Rd1 Rac8 24. f6 e6 25. f5 Bxd4 26. Rxd4 exf5
27. Re3 Rce8 28. Ra3 Kd7 29. Rxa7+ Ke6 30. Ra6 Rd8 31. c4 Kxf6 32. Rdxd6+ Rxd6
33. Rxd6+ Kg5 34. c5 Ra8 35. Rd3 Rxa2 36. Rc3 Ra7 37. c6 Rc7 38. Ke3 Kf6 39.
Kd4 Ke6 40. Kc5 Rc8 41. Re3+ 1-0

[Event "AUT2o-chT"]
[Site "Ybbs"]
[Date "2001.01.21"]
[Round "7.4"]
[White "Lovrinovic, Christian"]
[Black "Krpelan, Wolfgang"]
[Result "1/2-1/2"]
[WhiteElo "2169"]
[BlackElo "2169"]
[Annotator "LACKENBACH-GRIMMENSTEIN"]
[PlyCount "79"]
[EventDate "2001.01.21"]

1. d4 c6 2. c4 d5 3. Nc3 Nf6 4. Nf3 g6 5. e3 Bg7 6. Bd3 O-O 7. O-O Bg4 8. h3
Bxf3 9. Qxf3 e6 10. Rd1 Nbd7 11. cxd5 cxd5 12. Rb1 Nb6 13. Bd2 Rc8 14. Ne2 Re8
15. Ba5 Qd6 16. Bb5 Re7 17. a3 Rec7 18. Bb4 Qd8 19. Bc5 Ne4 20. b4 Nd7 21. Bxd7
Rxd7 22. b5 Nxc5 23. dxc5 Rxc5 24. Nd4 Rc4 25. Qe2 Bxd4 26. Rxd4 Rxd4 27. exd4
Qb6 28. Qe5 Qc7 29. Qe3 Qd6 30. g3 Rc7 31. Kg2 Rc4 32. h4 h5 33. Rd1 Kg7 34.
Rd3 Qc7 35. Qg5 Rc3 36. Rxc3 Qxc3 37. Qe5+ Kh7 38. Qf4 Kg7 39. Qe5+ Kh7 40. Qf4
1/2-1/2

[Event "AUT2o-chT"]
[Site "Ybbs"]
[Date "2001.01.21"]
[Round "7.5"]
[White "Ranits, Franz"]
[Black "Bilek, Thomas"]
[Result "1-0"]
[WhiteElo "2231"]
[BlackElo "2111"]
[Annotator "LACKENBACH-GRIMMENSTEIN"]
[PlyCount "73"]
[EventDate "2001.01.21"]

1. e4 c5 2. Nf3 d6 3. c3 Nf6 4. Be2 Nc6 5. d3 e5 6. Nbd2 Be7 7. O-O O-O 8. Re1
d5 9. Bf1 h6 10. exd5 Qxd5 11. Nc4 Bg4 12. Ne3 Bxf3 13. Nxd5 Bxd1 14. Nxe7+
Nxe7 15. Rxd1 Nf5 16. g3 g5 17. Bg2 Rab8 18. Kf1 Rfe8 19. Be4 Nd6 20. f3 Rbd8
21. Be3 b6 22. Ke2 Nfxe4 23. dxe4 Nc4 24. b3 Nxe3 25. Kxe3 f6 26. Rd5 Rxd5 27.
exd5 f5 28. g4 e4 29. gxf5 exf3+ 30. Kxf3 Re5 31. Rd1 Kf7 32. d6 Rxf5+ 33. Ke4
Rf4+ 34. Kd5 Ke8 35. Kc6 Kd8 36. Re1 Rf7 37. Re6 1-0

[Event "AUT2o-chT"]
[Site "Ybbs"]
[Date "2001.01.21"]
[Round "7.6"]
[White "Monschein, Wolfgang"]
[Black "Froschauer, Hans"]
[Result "1/2-1/2"]
[WhiteElo "2107"]
[BlackElo "2179"]
[Annotator "LACKENBACH-GRIMMENSTEIN"]
[PlyCount "37"]
[EventDate "2001.01.21"]

1. e4 c5 2. Nf3 d6 3. d4 cxd4 4. Nxd4 Nf6 5. Nc3 a6 6. a4 Bd7 7. Bc4 Qc7 8. Ba2
Nc6 9. O-O e6 10. Bg5 Be7 11. Re1 Rc8 12. Qd2 O-O 13. Rad1 Rfd8 14. Re3 Qb6 15.
Rg3 Nxd4 16. Qxd4 Qxd4 17. Rxd4 Bc6 18. f4 Kf8 19. e5 1/2-1/2